00379nam a22001097a 4500082002300000100002400023245011700047260004300164300001700207526003700224650000800261 a624.1762bNAPcDon aMardzanishvili, L.M aTheorectical and esperimental analysis of members of earthquake-proof frame-panel buildingscM A Mardzhanishvili aNew DelhibOxonian Press Pvt Ltdc1986 axi, 169 p. : a0b0c0d624_176200000000000_NAP aMCE